Name That TV Intro 7 Quiz Stats

 Plays Quiz not verified by Sporcle

Score 0/28 Timer 07:00
0 Plays Today
Hint Answer % Correct
1:43 - 1:49Spongebob Squarepants
95.1%
1:15 - 1:22Pokemon
91%
2:54 - 2:59American Dad
88.9%
0:35 - 0:41CSI: Miami
87.5%
1:36 - 1:42Bones
84.7%
2:18 - 2:24Star Trek
79.9%
0:27 - 0:34Will & Grace
76.4%
2:25 - 2:30Doug
72.9%
0:42 - 0:48Firefly
70.8%
3:07 - 3:13Adventure Time
70.1%
0:20 - 0:26Boy Meets World
66.7%
2:40 - 2:45Veep
60.4%
2:11 - 2:18Justice League
59%
0:13 - 0:19Top Gear
56.3%
Hint Answer % Correct
1:50 - 1:55Dallas
54.2%
0:00 - 0:06Roots
50.7%
1:56 - 2:03Justified
47.9%
2:04 - 2:10Portlandia
47.2%
0:07 - 0:1290210
38.9%
3:00 - 3:06Black Sails
36.8%
0:49 - 0:55Raising Hope
35.4%
1:02 - 1:08Chicago Hope
31.9%
2:31 - 2:39Misfits
30.6%
1:09 - 1:14Almost Human
19.4%
1:23 - 1:28Black Books
19.4%
2:46 - 2:53Hell On Wheels
16%
1:29 - 1:35John Adams
14.6%
0:56 - 1:02MI-5
11.1%

You're not logged in!

Compare scores with friends on all Sporcle quizzes.
OR
Log In

Show Comments

Extras

Created Feb 28, 2014ReportNominate
Tags:Show Quiz, intro, seeing

Top Quizzes Today


Score Distribution

Your Account Isn't Verified!

In order to create a playlist on Sporcle, you need to verify the email address you used during registration. Go to your Sporcle Settings to finish the process.

Report this User

Report this user for behavior that violates our Community Guidelines.

Details: